Selections from Cobbett's political works : being a complete abridgement of the 100 volumes which comprise the writings of "Porcupine" and the "Weekly political register", with notes, historical and explanatory /

Bibliographic Details
Main Author: Cobbett, William, 1763-1835
Other Authors: Cobbett, John Morgan, 1800-1877, Cobbett, James Paul, 1803-1881
Format: Book
Language:English
Published: London : Ann Cobbett, [1835]
Subjects:

MARC

Tag First Indicator Second Indicator Subfields
LEADER 00000cam a2200000 i 4500
001 in00000098436
005 20150926125506.0
008 780821m19701835kyu bb 00110 eng d
035 |a (OCoLC)04154250 
035 |9 AAL3375AM 
040 |a DLC  |c RRR  |d RRR  |d TXA  |d UtOrBLW 
043 |a e-uk---  |a n-us--- 
049 |a TXAI  |v 1-6 
099 |a fiche  |a C  |a 1971 
100 1 |a Cobbett, William,  |d 1763-1835. 
245 1 0 |a Selections from Cobbett's political works :  |b being a complete abridgement of the 100 volumes which comprise the writings of "Porcupine" and the "Weekly political register", with notes, historical and explanatory /  |c by John M. Cobbett and James P. Cobbett. 
264 1 |a London :  |b Ann Cobbett,  |c [1835] 
300 |a 6 volumes ;  |c 23 cm. 
336 |a text  |b txt  |2 rdacontent 
337 |a microform  |b h  |2 rdamedia 
338 |a microfiche  |b he  |2 rdacarrier 
500 |a Microfiche. Louisville, Ky. : Lost Cause Press, 1970-1977. -- 53 sheets ; 10.5 x 14.8 cm. -- (Sabin, Joseph, 1821-1881. [Bibliotheca Americana] Selected Americana. [Microfiche edition]) -- (Fiche book). 
500 |a "Sabin: 14017." 
500 |a Fiche for volume 1 and 2 do not have series "Fiche book". 
504 |a Includes bibliographical references. 
505 0 |a 1. 1794-1805.--2. 1805-1809.--3. 1809-1811.--4. 1811-1816.--5. 1816-1820.--6. 1820-1835. 
500 |a Microform. 
651 0 |a Great Britain  |x Politics and government  |y 1800-1837. 
651 0 |a United States  |x Politics and government  |y 1789-1797. 
700 1 |a Cobbett, John Morgan,  |d 1800-1877. 
700 1 |a Cobbett, James Paul,  |d 1803-1881. 
999 |a MARS 
999 f f |s b0ba85d2-85bb-3f51-981b-a55522dc8d86  |i 8ba90adf-dfdf-35e3-b970-eacf4c82c819  |t 0 
952 f f |p normal  |a Texas A&M University  |b College Station  |c Sterling C. Evans Library  |d Evans: Microforms (3rd floor)  |t 0  |e fiche C 1971  |h Other scheme  |i microform -- microfiche  |k v.5  |m A14820791597 
952 f f |p normal  |a Texas A&M University  |b College Station  |c Sterling C. Evans Library  |d Evans: Microforms (3rd floor)  |t 0  |e fiche C 1971  |h Other scheme  |i microform -- microfiche  |k v.2  |m A14820791092 
952 f f |p normal  |a Texas A&M University  |b College Station  |c Sterling C. Evans Library  |d Evans: Microforms (3rd floor)  |t 0  |e fiche C 1971  |h Other scheme  |i microform -- microfiche  |k v.4  |m A14820791149 
952 f f |p normal  |a Texas A&M University  |b College Station  |c Sterling C. Evans Library  |d Evans: Microforms (3rd floor)  |t 0  |e fiche C 1971  |h Other scheme  |i microform -- microfiche  |k v.6  |m A14820791199 
952 f f |p normal  |a Texas A&M University  |b College Station  |c Sterling C. Evans Library  |d Evans: Microforms (3rd floor)  |t 0  |e fiche C 1971  |h Other scheme  |i microform -- microfiche  |k v.3  |m A14820791107 
952 f f |p normal  |a Texas A&M University  |b College Station  |c Sterling C. Evans Library  |d Evans: Microforms (3rd floor)  |t 0  |e fiche C 1971  |h Other scheme  |i microform -- microfiche  |k v.1  |m A14820791628 
998 f f |a fiche C 1971  |s v.1-v.6  |t 0  |l Evans: Microforms (3rd floor)